000 00295nam a2200133Ia 4500
100 _aTownsend / carl
942 _cBK
245 _aQuick Reference PC Tools Deluxe
260 _bMicrosoft Press
_aWashington
_c1990
082 _a1.6404
_bTOW
300 _a150
546 _aENGLISH
999 _c29919
_d29919